[Event "Rotterdam Pathena op"]
[Site "Rotterdam"]
[Date "2015.05.05"]
[Round "4"]
[White "Ganguly, Sumit"]
[Black "Sijabat, Evi"]
[Result "1-0"]
[WhiteElo "1642"]
[BlackElo "1403"]
[PlyCount "67"]
[EventDate "2015.05.02"]
[EventType "swiss"]
[EventRounds "7"]
[EventCountry "NED"]
[SourceTitle "CBM 166 Extra"]
[Source "ChessBase"]
[SourceDate "2015.06.18"]
[SourceVersion "1"]
[SourceVersionDate "2015.06.18"]
[SourceQuality "1"]

1. e4 e5 2. Nf3 Nc6 3. Bc4 h6 4. 0-0 Nf6 5. d4 exd4 6. e5 Nh7 7. Nxd4 Nxe5 8. Re1 d6 9. f4 d5 10. Rxe5+ Be7 11. Rxd5 Bd7 12. Nf5 Rg8 13. Nxe7 Kxe7 14. Qe1+ Kf8 15. Qb4+ Ke8 16. Nc3 Nf6 17. Re5+ Be6 18. Be3 Ng4 19. Rd1 Qh4 20. Rxe6+ fxe6 21. Qc5 Qxh2+ 22. Kf1 Qh1+ 23. Ke2 Qxg2+ 24. Bf2 Qc6 25. Bb5 Nxf2 26. Bxc6+ bxc6 27. Qxc6+ Kf7 28. Rd7+ Kf6 29. Kxf2 Rac8 30. Nd5+ Kf5 31. Ne7+ Kxf4 32. Nxc8 Rxc8 33. Qxe6 Rf8 34. Rf7+ 1-0

[Event "Spijkenisse op"]
[Site "Spijkenisse"]
[Date "2010.05.16"]
[Round "6"]
[White "Sijabat, Evi"]
[Black "Bergshoeff, Bert"]
[Result "1/2-1/2"]
[WhiteElo "1317"]
[BlackElo "1346"]
[PlyCount "106"]
[EventDate "2010.05.14"]
[EventType "swiss"]
[EventRounds "6"]
[EventCountry "NED"]
[SourceTitle "CBM 136 Extra"]
[Source "ChessBase"]
[SourceDate "2010.07.02"]
[SourceVersion "2"]
[SourceVersionDate "2010.07.15"]
[SourceQuality "1"]

1. e4 c5 2. Nf3 Nc6 3. Nc3 d6 4. Bc4 e6 5. d3 Nf6 6. Bg5 Be7 7. 0-0 0-0 8. Re1 a6 9. a3 b5 10. Ba2 Re8 11. e5 dxe5 12. Nxe5 Nxe5 13. Rxe5 Qc7 14. Re1 Bb7 15. Bxf6 Bxf6 16. Rb1 Rad8 17. Ne4 Bxe4 18. Rxe4 Qb7 19. Qg4 Rd6 20. h4 Qe7 21. h5 h6 22. b4 cxb4 23. axb4 Red8 24. Rbe1 Bc3 25. R1e2 Re8 26. R4e3 Rd4 27. Re4 Rxe4 28. Rxe4 Qd6 29. Bb3 Qb6 30. Kf1 Qd6 31. g3 Kh8 32. Rf4 Re7 33. Qf3 Qd7 34. Qa8+ Kh7 35. Qe4+ f5 36. Qf3 Be5 37. Rh4 Bf6 38. Rh1 Bc3 39. Qf4 Qd4 40. Qxd4 Bxd4 41. c4 bxc4 42. Bxc4 Bc3 43. b5 axb5 44. Bxb5 e5 45. f3 g5 46. Bc4 Kg7 47. Rh2 Ra7 48. Rc2 Ra1+ 49. Kg2 Bd4 50. g4 fxg4 51. fxg4 Rb1 52. Be6 Rb2 53. Rxb2 Bxb2 1/2-1/2